Olympic Mascot Picture Quiz - Statistics

General Stats
  • This quiz has been taken 13 times
  • The average score is 17 of 28
Answer Stats
Picture Answer % Correct
Paris 2024
100%
Tokyo 2020
91%
Vancouver 2010
91%
Beijing 2008
82%
Beijing 2022
82%
Los Angeles 1984
82%
Athens 2004
73%
Calgary 1988
73%
Rio 2016
73%
Sydney 2000
73%
Atlanta 1996
64%
Lake Placid 1980
64%
London 2012
64%
Montreal 1976
64%
Munich 1972
64%
PyeongChang 2018
64%
Seoul 1988
64%
Barcelona 1992
55%
Moscow 1980
55%
Sochi 2014
55%
Turin 2006
55%
Salt Lake City 2002
45%
Sarajevo 1984
45%
Lillehammer 1994
36%
Albertville 1992
27%
Grenoble 1968
27%
Innsbruck 1976
27%
Nagano 1998
27%
No matching quizzes found
Score Distribution
Percent of People with Each Score
Percentile by Number Answered
Your Score History
You have not taken this quiz